000 00447nam a2200217Ia 4500
003 IT-RoPAU
008 120407s9999 xx 000 0 und d
040 _aIT-RoPAU
040 _cIT-RoPAU
041 _aita
100 _aJohann Auer
245 _aPiccola dogmatica cattolica.
250 _aAssisi
260 _aCittadella
260 _c1981
300 _c19 cm
490 _v9
700 _aJoseph Ratzinger
942 _cBK
999 _c99
_d99